| 000 | 00586nam a2200145Ia 4500 | ||
|---|---|---|---|
| 008 | 171212s9999 xx 000 0 und d | ||
| 020 | _a9780813563183 | ||
| 100 | _aFeierstein, Daniel | ||
| 245 |
_cFeierstein, Daniel _aGenocide as Social Practice _bReorganizing Society under the Nazis and Argentina's Military Juntas |
||
| 260 |
_bRutgers University Press _c2014 |
||
| 440 | _aGenocide, Political Violence, Human Rights | ||
| 650 | _aGenocide; Holocaust, Jewish (1939–1945); Genocide -- Argentina | ||
| 650 | _aPolitical Science | ||
| 856 | _uhttp://www.jstor.org/stable/j.ctt6wq9vn | ||
| 999 |
_c352834 _d352834 |
||